拼音以T开头的国家 Countries pinyin starting with T - Statistics

General Stats
  • This quiz has been taken 39 times
  • The average score is 7 of 9
Answer Stats
国家 % Correct
泰国
94%
土耳其
88%
土库曼斯坦
88%
塔吉克斯坦
85%
坦桑尼亚
79%
汤加
79%
特立尼达和多巴哥
79%
突尼斯
74%
图瓦卢
74%
No matching quizzes found
Score Distribution
Percent of People with Each Score
Percentile by Number Answered
Your Score History
You have not taken this quiz